Four Restoration libertine plays (Record no. 7302)
[ view plain ]
| 000 -LEADER | |
|---|---|
| fixed length control field | 01860nam a2200409 a 4500 |
| 001 - CONTROL NUMBER | |
| control field | ebr10271427 |
| 003 - CONTROL NUMBER IDENTIFIER | |
| control field | CaPaEBR |
| 006 - FIXED-LENGTH DATA ELEMENTS--ADDITIONAL MATERIAL CHARACTERISTICS--GENERAL INFORMATION | |
| fixed length control field | m u |
| 007 - PHYSICAL DESCRIPTION FIXED FIELD--GENERAL INFORMATION | |
| fixed length control field | cr cn||||||||| |
| 008 - FIXED-LENGTH DATA ELEMENTS--GENERAL INFORMATION | |
| fixed length control field | 041202s2005 enk sb 000 0 eng |
| 010 ## - LIBRARY OF CONGRESS CONTROL NUMBER | |
| Canceled/invalid LC control number | 2004027977 |
| 020 ## - INTERNATIONAL STANDARD BOOK NUMBER | |
| Cancelled/invalid ISBN | 0192832948 (alk. paper) |
| 040 ## - CATALOGING SOURCE | |
| Original cataloging agency | CaPaEBR |
| Transcribing agency | CaPaEBR |
| 035 ## - SYSTEM CONTROL NUMBER | |
| System control number | (OCoLC)646790380 |
| 050 14 - LIBRARY OF CONGRESS CALL NUMBER | |
| Classification number | PR1266 |
| Item number | .F675 2005eb |
| 082 04 - DEWEY DECIMAL CLASSIFICATION NUMBER | |
| Classification number | 822/.408 |
| Edition number | 22 |
| 245 00 - TITLE STATEMENT | |
| Title | Four Restoration libertine plays |
| Medium | [electronic resource] / |
| Statement of responsibility, etc | edited with an introduction and notes by Deborah Payne Fisk. |
| 260 ## - PUBLICATION, DISTRIBUTION, ETC. (IMPRINT) | |
| Place of publication, distribution, etc | Oxford, England ; |
| -- | New York : |
| Name of publisher, distributor, etc | Oxford University Press, |
| Date of publication, distribution, etc | 2005. |
| 300 ## - PHYSICAL DESCRIPTION | |
| Extent | liv, 414 p. |
| 490 1# - SERIES STATEMENT | |
| Series statement | Oxford English drama |
| Series statement | Oxford world's classics |
| 504 ## - BIBLIOGRAPHY, ETC. NOTE | |
| Bibliography, etc | Includes bibliographical references (p. li-liii). |
| 505 0# - FORMATTED CONTENTS NOTE | |
| Formatted contents note | The libertine / Thomas Shadwell -- The man of mode ; or, Sir Fopling Flutter / George Etherege -- A fond husband ; or, The plotting sisters / Thomas D'Urfey -- Friendship in fashion / Thomas Otway. |
| 533 ## - REPRODUCTION NOTE | |
| Type of reproduction | Electronic reproduction. |
| Place of reproduction | Palo Alto, Calif. : |
| Agency responsible for reproduction | ebrary, |
| Date of reproduction | 2013. |
| Note about reproduction | Available via World Wide Web. |
| -- | Access may be limited to ebrary affiliated libraries. |
| 650 #0 - SUBJECT ADDED ENTRY--TOPICAL TERM | |
| Topical term or geographic name as entry element | English drama |
| Chronological subdivision | Restoration, 1660-1700. |
| Topical term or geographic name as entry element | Libertinism |
| Form subdivision | Drama. |
| 655 #7 - INDEX TERM--GENRE/FORM | |
| Genre/form data or focus term | Electronic books. |
| Source of term | local |
| 700 1# - ADDED ENTRY--PERSONAL NAME | |
| Personal name | Payne Fisk, Deborah. |
| Personal name | Shadwell, Thomas, |
| Dates associated with a name | 1642?-1692. |
| Title of a work | Libertine. |
| Personal name | Etherege, George, |
| Dates associated with a name | 1635?-1691. |
| Title of a work | Man of mode. |
| Personal name | D'Urfey, Thomas, |
| Dates associated with a name | 1653-1723. |
| Title of a work | Fond husband. |
| Personal name | Otway, Thomas, |
| Dates associated with a name | 1652-1685. |
| Title of a work | Friendship in fashion. |
| 710 2# - ADDED ENTRY--CORPORATE NAME | |
| Corporate name or jurisdiction name as entry element | ebrary, Inc. |
| 830 #0 - SERIES ADDED ENTRY--UNIFORM TITLE | |
| Uniform title | Oxford world's classics (Oxford University Press) |
| Uniform title | Oxford English drama. |
| 856 40 - ELECTRONIC LOCATION AND ACCESS | |
| Uniform Resource Identifier | <a href="http://site.ebrary.com/lib/rucke/Doc?id=10271427">http://site.ebrary.com/lib/rucke/Doc?id=10271427</a> |
| Public note | An electronic book accessible through the World Wide Web; click to view |
No items available.
